LEADER 01204nam a2200265 i 4500 001 000000207289 003 CaOOAMICUS 005 20111026000000.0 008 111026s1965 it u000 u ita u 013 $a186066 040 $aSeMil$bita 100 1 $aLombardo Radice, Lucio,$d<1916-1982>.$0(OLS)http://semarc/name/3881 245 10$aIstituzioni di algebra astratta con «Esercizi e complementi» /$cLucio Lombardo Radice ; con "esercizi e complementi" a cura di V. Corbas, G. Panella. 250 $a2. edizione. 260 $aMilano :$bFeltrinelli,$c1965. 300 $aXIII, 476 p. ;$c23 cm. 490 0 $aCollana di algebra [Feltrinelli] ;$v3 650 4$aAlgebra.$0(OLS)http://semarc/subject/4886 700 1 $aPanella, Gianfranco.$0(OLS)http://semarc/name/74444 700 1 $aCorbas, Vassili.$0(OLS)http://semarc/name/74443 830 0$aCollana di algebra ;$v3.$0(OLS)http://semarc/title/33028 850 $aSeMil 852 $aSeMil$W1$xVenegono$y1$m3W V 339$j157752$B157752$CSeMilBibl$Z2$F168992 $81 996 $6245$aIstituzioni di algebra astratta con «Esercizi e complementi»$9(OLS)http://semarc/title/299807 996 $6260$aMilano :$bFeltrinelli$9(OLS)http://semarc/publisher/30237 LEADER 01530nam a2200313 4500 001 000000362144 003 CaOOAMICUS 005 20250318103057.0 008 250317s2001 it 000 u ita r 020 $a88-14-05340-5 040 $aSeMil$bita 100 1 $aStein, Peter,$d<1926-2016>.$0(OLS)http://semarc/name/91534 245 12$aI fondamenti del diritto europeo :$bprofili sostanziali e processuali dell'evoluzione dei sistemi giuridici /$cPeter Stein ; a cura di Anna De Vita, Maria Donata Panforti e Vincenzo Varano. 250 $aRistampa emendata 264 1$aMilano :$bGiuffrè,$c2001. 300 $aXIII, 301 p. ;$c22 cm 490 1 $aGiuristi stranieri di oggi ;$v2 650 4$aDiritto - Europa - Storia.$0(OLS)http://semarc/subject/2103 700 1 $aVarano, Vincenzo.$0(OLS)http://semarc/name/121699 700 1 $aPanforti, Maria Donata.$0(OLS)http://semarc/name/121698 700 1 $aDe Vita, Anna.$0(OLS)http://semarc/name/121697 830 0$aGiuristi stranieri di oggi ;$v2.$0(OLS)http://semarc/title/451218 850 $aSeMil 852 $aSeMil$W1$xVenegono$y1$m3L II 25$j255259$B253080$CSeMilBibl$Z2$F253080 $81 961 $aBuzzi mons. Franco - Omaggio 996 $6020$a88-14-05340-5$9(OLS)http://semarc/number/302773 996 $6245$aI fondamenti del diritto europeo :$bprofili sostanziali e processuali dell'evoluzione dei sistemi giuridici$9(OLS)http://semarc/title/453017 996 $6264$aMilano :$bGiuffrè$9(OLS)http://semarc/publisher/29926